000
00327nam a2200157Ia 4500
100
_a
Khan/Zubair/ Khan/S.A
650
_a
Mathematics
942
_c
BK
366
_f
20
245
_a
Mathematics 1 for BCA
260
_b
Ane Books India
_c
2009
082
_a
519/KHA
_b
KHA
300
_a
590
546
_a
ENGLISH
999
_c
23027
_d
23027